Normal view MARC view
  • Tyagi, Ishwar Singh

Entry Personal Name

Number of records used in: 5

001 - CONTROL NUMBER

  • control field: 5157

003 - CONTROL NUMBER IDENTIFIER

  • control field: NUST

005 - DATE AND TIME OF LATEST TRANSACTION

  • control field: 20171002191153.0

008 - FIXED-LENGTH DATA ELEMENTS

  • fixed length control field: 171002|| aca||aabn | a|a d

040 ## - CATALOGING SOURCE

  • Original cataloging agency: NUST
  • Transcribing agency: NUST

100 ## - HEADING--PERSONAL NAME

  • Personal name: Tyagi, Ishwar Singh

670 ## - SOURCE DATA FOUND

  • Source citation: Work cat.: (NUST)0: Tyagi, Ishwar Singh, Principles of quantum mechanics , 2003.
© 2023 Central Library, National University of Sciences and Technology. All Rights Reserved.